000
00307nam a2200121Ia 4500
008
210430s9999 xx 000 0 und d
082
_a
532 K9636 E
100
_a
K.L.Kumar
245
_a
Engineering Fluid Mechanics /
_c
K.L.Kumar
260
_a
New delhi
_b
S.Chand
_c
2007
300
_a
566p
942
_c
BK
_2
ddc
999
_c
563959
_d
563959